00965 2200337 4500001002100000005001500021035002000036007000300056040001700059100002900076245008000105250001000185300003600195020002200231041000800253082001200261084001800273090002400291264004700315336002100362337003000383338002300413650001900436850001000455008004100465500002900506700002600535504002600561990002000587990002000607INLIS00000000000938620260421023035 a0010-1122000345ta aSBPUPADbind0 aTafi' Kawaii;ePengarang1 aKamus Kosakata Serapan Bahasa Jepang /cTafi' Kawaii ;Penyunting, Tristanti aCet.1 a300 hlm. :bilus. ;c12 x 19 cm a978-602-7996-93-907aind a449 603 a494 603 TAF k a398.21 AND r L27 R5 aYogyakarta :bTrans Idea Publishing,c2015 2rdacontentateks 2rdamediaatanpa perantara 2rdacarrieravolume 4aBahasa Jepang, aPUPAD260421 0  aTentang Penulis, hlm 299 aTristanti,ePengarang abibiliografi, hlm 297 a25.264/B/DPK/17 a25.262/B/DPK/17